Technické inovace a jejich řešení.

Od polovice 30. rokov, kedy J. Schumpeter zaviedol pojem inovácia (a osobitne technická inovácia), sa diskutuje o tom, ako technická inovácia, technické zmeny, ovplyvnia priemyselný a obchodný život. Článok je príspevkom k problematike technických alebo projektových potrieb, k úlohe hodnotových štru...

Ausführliche Beschreibung

Gespeichert in:
Bibliographische Detailangaben
1. Verfasser: Tondl, L.
Format: Buchkapitel
Sprache:Tschechisch
Schlagworte:
Tags: Tag hinzufügen
Keine Tags, Fügen Sie das erste Tag hinzu!

MARC

LEADER 00000naa a2200000 4500
001 r002147
005 20220819181147.8
041 0 |a cze 
044 |a [CS] 
245 1 0 |a Technické inovace a jejich řešení.  |c L. Tondl 
520 |a Od polovice 30. rokov, kedy J. Schumpeter zaviedol pojem inovácia (a osobitne technická inovácia), sa diskutuje o tom, ako technická inovácia, technické zmeny, ovplyvnia priemyselný a obchodný život. Článok je príspevkom k problematike technických alebo projektových potrieb, k úlohe hodnotových štruktúr pri uvažovaní o inovačných programoch a koncepciách, analyzuje tvorbu zámeru alebo zadania technickej zmeny a úlohu primárnych technických rozhodnutí. 
610 2 0 |a inovácia 
610 2 0 |a rozvoj technický 
610 2 0 |a koncepcie 
610 2 0 |a technika nová 
610 2 0 |a zmeny technologické 
610 2 0 |a rozhodovanie 
100 1 |a Tondl, L.